[Event "St Veit op-B 35th"]
[Site "St Veit"]
[Date "2016.07.14"]
[Round "7"]
[White "Srna, Jan"]
[Black "Friedl, Gerhard"]
[Result "1/2-1/2"]
[WhiteElo "1938"]
[BlackElo "1962"]
[PlyCount "54"]
[EventDate "2016.07.09"]
[EventType "swiss"]
[EventRounds "9"]
[EventCountry "AUT"]
[SourceTitle "EXT 2017"]
[Source "ChessBase"]
[SourceDate "2016.10.25"]
[SourceVersion "1"]
[SourceVersionDate "2016.10.25"]
[SourceQuality "1"]

1. d4 d5 2. Nf3 e6 3. b3 f5 4. e3 Nf6 5. Be2 Bd6 6. Ba3 0-0 7. c4 c6 8. 0-0 Ne4 9. Bxd6 Qxd6 10. c5 Qe7 11. Qc1 Nd7 12. Qb2 Ndf6 13. Ne5 Bd7 14. b4 b6 15. f3 Ng5 16. Nd2 Rfb8 17. Qc3 bxc5 18. bxc5 Be8 19. Ba6 Qc7 20. Rfb1 Rxb1+ 21. Rxb1 Rb8 22. Rb3 Nf7 23. f4 Nxe5 24. fxe5 Ne4 25. Nxe4 fxe4 26. h3 Bd7 27. Kh2 Bc8 1/2-1/2

[Event "St Veit op-B 35th"]
[Site "St Veit"]
[Date "2016.07.12"]
[Round "5"]
[White "Srna, Jan"]
[Black "Karapetian, Airapet"]
[Result "1/2-1/2"]
[WhiteElo "1938"]
[BlackElo "1750"]
[PlyCount "29"]
[EventDate "2016.07.09"]
[EventType "swiss"]
[EventRounds "9"]
[EventCountry "AUT"]
[SourceTitle "EXT 2017"]
[Source "ChessBase"]
[SourceDate "2016.10.25"]
[SourceVersion "1"]
[SourceVersionDate "2016.10.25"]
[SourceQuality "1"]

1. d4 Nf6 2. Nf3 e6 3. b3 b6 4. Bb2 Bb7 5. e3 Bb4+ 6. c3 Be7 7. a3 0-0 8. Bd3 Be4 9. 0-0 d6 10. Qe2 Bxd3 11. Qxd3 Nbd7 12. c4 Re8 13. Nc3 d5 14. Rac1 a6 15. Nd2 1/2-1/2

[Event "SVK-chT2A 1516"]
[Site "Slovakia"]
[Date "2016.02.14"]
[Round "9.5"]
[White "Ocko, Martin"]
[Black "Srna, Jan"]
[Result "1/2-1/2"]
[WhiteElo "1994"]
[BlackElo "1934"]
[PlyCount "30"]
[EventDate "2015.10.17"]
[EventType "team-tourn"]
[EventRounds "11"]
[EventCountry "SVK"]
[SourceTitle "EXT 2017"]
[Source "ChessBase"]
[SourceDate "2016.10.25"]
[SourceVersion "1"]
[SourceVersionDate "2016.10.25"]
[SourceQuality "1"]
[WhiteTeam "Osuske II"]
[BlackTeam "Pezinok"]
[WhiteTeamCountry "SVK"]
[BlackTeamCountry "SVK"]

1. e4 e6 2. Nf3 d5 3. e5 c5 4. b4 Qb6 5. bxc5 Bxc5 6. d4 Bf8 7. Bd3 Bd7 8. 0-0 Bb5 9. a4 Bxd3 10. Qxd3 a6 11. c3 Nc6 12. Bf4 Na5 13. Nbd2 Rc8 14. Rfc1 Ne7 15. h4 g6 1/2-1/2

[Event "SVK-chT2A 1516"]
[Site "Slovakia"]
[Date "2016.02.13"]
[Round "8.6"]
[White "Puchart, Vladimir"]
[Black "Srna, Jan"]
[Result "1-0"]
[WhiteElo "2031"]
[BlackElo "1934"]
[PlyCount "201"]
[EventDate "2015.10.17"]
[EventType "team-tourn"]
[EventRounds "11"]
[EventCountry "SVK"]
[SourceTitle "EXT 2017"]
[Source "ChessBase"]
[SourceDate "2016.10.25"]
[SourceVersion "1"]
[SourceVersionDate "2016.10.25"]
[SourceQuality "1"]
[WhiteTeam "Trnava Lokomotiva II"]
[BlackTeam "Pezinok"]
[WhiteTeamCountry "SVK"]
[BlackTeamCountry "SVK"]

1. d4 e6 2. c4 f5 3. g3 d5 4. Bg2 c6 5. Nf3 Nf6 6. 0-0 Bd6 7. b3 0-0 8. Nbd2 b6 9. Bb2 a5 10. Rc1 Bb7 11. Ne5 Qe7 12. Ndf3 Ne4 13. Ne1 Nf6 14. N1d3 Na6 15. a3 Rac8 16. Qe1 c5 17. dxc5 Nxc5 18. cxd5 Bxd5 19. b4 Nxd3 20. Nxd3 Rxc1 21. Qxc1 axb4 22. Nxb4 Bxg2 23. Kxg2 Ne4 24. Qc6 Nc5 25. Rd1 Bc7 26. Bd4 Rd8 27. Bxc5 bxc5 28. Rxd8+ Bxd8 29. Nd3 c4 30. Qxc4 Bc7 31. Nc5 Kf7 32. Nxe6 Qxe6 33. Qxc7+ Kf6 34. Qc3+ Kg6 35. Qf3 Qc4 36. h3 Kf6 37. g4 f4 38. e3 g5 39. h4 h6 40. hxg5+ hxg5 41. exf4 gxf4 42. Qb7 Kg5 43. Qg7+ Kh4 44. Qg6 f3+ 45. Kxf3 Qb3+ 46. Kf4 Qb8+ 47. Kf5 Qb5+ 48. Kf6 Qb2+ 49. Kf7 Qb7+ 50. Kg8 Qb8+ 51. Kh7 Qc7+ 52. Kh6 Qf4+ 53. g5 Qxf2 54. Qe4+ Kg3 55. g6 Qh2+ 56. Kg5 Qd2+ 57. Kf6 Qd6+ 58. Kf7 Qxa3 59. g7 Qb3+ 60. Kg6 Qa2 61. Kf6 Qf2+ 62. Qf5 Qb6+ 63. Kf7 Qc7+ 64. Kg6 Qc6+ 65. Qf6 Qe4+ 66. Kh6 Qh1+ 67. Kg6 Qe4+ 68. Kf7 Qb7+ 69. Qe7 Qd5+ 70. Kf8 Qf5+ 71. Kg8 Qc8+ 72. Kh7 Qc2+ 73. Kh6 Qh2+ 74. Kg6 Qc2+ 75. Kf6 Qf2+ 76. Kg6 Qc2+ 77. Kf7 Qa2+ 78. Kf8 Qa8+ 79. Qe8 Qa3+ 80. Kg8 Qa2+ 81. Kh7 Qh2+ 82. Kg6 Qc2+ 83. Kh6 Qc1+ 84. Kh7 Qh1+ 85. Kg8 Qd5+ 86. Kf8 Qf3+ 87. Qf7 Qa3+ 88. Kg8 Qa8+ 89. Kh7 Qh1+ 90. Kg6 Qe4+ 91. Qf5 Qc6+ 92. Kh5 Qh1+ 93. Kg5 Qc1+ 94. Kf6 Qc6+ 95. Qe6 Qf3+ 96. Kg6 Qd3+ 97. Qf5 Qd6+ 98. Kh7 Qe7 99. Kh6 Qh4+ 100. Qh5 Qc4 101. Qg5+ 1-0

[Event "SVK-chT2A 1314"]
[Site "Slovakia"]
[Date "2014.03.15"]
[Round "10.5"]
[White "Tepper, Frantisek"]
[Black "Srna, Jan"]
[Result "1/2-1/2"]
[WhiteElo "2153"]
[BlackElo "1960"]
[PlyCount "24"]
[EventDate "2013.10.19"]
[EventType "team-tourn"]
[EventRounds "11"]
[EventCountry "SVK"]
[SourceTitle "EXT 2015"]
[Source "ChessBase"]
[SourceDate "2014.11.20"]
[SourceVersion "1"]
[SourceVersionDate "2014.11.20"]
[SourceQuality "1"]
[WhiteTeam "Bratislava DP"]
[BlackTeam "Pezinok"]
[WhiteTeamCountry "SVK"]
[BlackTeamCountry "SVK"]

1. e4 e6 2. d4 d5 3. exd5 exd5 4. Bd3 Bd6 5. Qf3 Ne7 6. Ne2 Nbc6 7. c3 Be6 8. Nf4 Qd7 9. Nxe6 Qxe6+ 10. Be3 0-0-0 11. Nd2 f5 12. Qh3 g5 1/2-1/2

[Event "SVK-chT1W 1213"]
[Site "Slovakia"]
[Date "2012.10.20"]
[Round "1.8"]
[White "Srna, Jan"]
[Black "Helbich, Branislav"]
[Result "0-1"]
[WhiteElo "1984"]
[BlackElo "2036"]
[PlyCount "148"]
[EventDate "2012.10.20"]
[EventType "team-tourn"]
[EventRounds "11"]
[EventCountry "SVK"]
[SourceTitle "EXT 2014"]
[Source "ChessBase"]
[SourceDate "2013.11.20"]
[SourceVersion "1"]
[SourceVersionDate "2013.11.20"]
[SourceQuality "1"]
[WhiteTeam "Pezinok"]
[BlackTeam "Budmerice"]
[WhiteTeamCountry "SVK"]
[BlackTeamCountry "SVK"]

1. d4 d5 2. Nf3 Nf6 3. b3 Bf5 4. Bb2 e6 5. a3 c5 6. e3 Nc6 7. Bd3 Bg4 8. Nbd2 cxd4 9. exd4 Bd6 10. Be2 Rc8 11. 0-0 0-0 12. c4 Bb8 13. Rc1 Qd6 14. Ne5 Bxe2 15. Qxe2 Nd7 16. f4 f6 17. Nxd7 Qxd7 18. Qd3 dxc4 19. bxc4 e5 20. fxe5 Nxe5 21. Qb3 Ng4 22. h3 Nh6 23. c5+ Kh8 24. Qf3 Rfd8 25. Nc4 Nf7 26. Nd2 Ng5 27. Qd3 Qc7 28. Kf2 Re8 29. Rh1 Qf4+ 30. Kg1 Re3 31. Qf1 Rce8 32. Qxf4 Bxf4 33. Nf1 Re2 34. Rb1 Rc2 35. Nh2 Be3+ 36. Kf1 Rf2+ 37. Ke1 Bxd4+ 38. Kd1 Rxb2 39. Rxb2 Bxb2 40. a4 Ba3 41. Kd2 Bxc5 42. Rb1 b6 43. Ng4 h5 44. Nh2 Ne4+ 45. Kd3 g5 46. Nf3 Kg7 47. Rb2 f5 48. Kc4 g4 49. hxg4 hxg4 50. Nh2 Kf6 51. Nf1 a6 52. Kd5 Nc3+ 53. Kc6 Nxa4 54. Ra2 b5 55. Ng3 Re6+ 56. Kc7 Nc3 57. Ra1 Nd5+ 58. Kb7 Rb6+ 59. Kc8 Ne7+ 60. Kc7 Rc6+ 61. Kb7 Bd6 62. Ne2 Be5 63. Rb1 Ke6 64. g3 Rd6 65. Re1 Kd7 66. Nc1 Bd4 67. Nb3 Rb6+ 68. Ka8 Nc6 69. Nc5+ Bxc5 70. Re8 Nd8 71. Rh8 Kc8 72. Ka7 a5 73. Re8 a4 74. Ka8 Rb8# 0-1

[Event "SVK-chT1W 1112"]
[Site "Slovakia"]
[Date "2012.03.04"]
[Round "11.8"]
[White "Hertel, Ondrej"]
[Black "Srna, Jan"]
[Result "1/2-1/2"]
[WhiteElo "2073"]
[BlackElo "2002"]
[PlyCount "60"]
[EventDate "2011.10.15"]
[EventType "team-tourn"]
[EventRounds "11"]
[EventCountry "SVK"]
[SourceTitle "EXT 2013"]
[Source "ChessBase"]
[SourceDate "2012.11.22"]
[SourceVersion "1"]
[SourceVersionDate "2012.11.22"]
[SourceQuality "1"]
[WhiteTeam "Trnava Lokomotiva"]
[BlackTeam "Pezinok"]
[WhiteTeamCountry "SVK"]
[BlackTeamCountry "SVK"]

1. d4 e6 2. Nf3 f5 3. g3 Nf6 4. Bg2 d5 5. 0-0 Bd6 6. b3 Qe7 7. Bb2 0-0 8. c4 c6 9. Nbd2 b6 10. Rc1 a5 11. a4 Bb7 12. Ne5 Nfd7 13. f4 Nf6 14. e3 Bb4 15. Rc2 Ne4 16. Nxe4 dxe4 17. g4 Nd7 18. Nxd7 Qxd7 19. gxf5 exf5 20. Bh3 g6 21. Rg2 Kf7 22. Qc2 Rae8 23. Ba1 Rg8 24. Qb2 Qe7 25. Kh1 Ba3 26. Qa2 Bb4 27. Rfg1 Bc8 28. Rg3 Be6 29. Qg2 Qd8 30. Rg5 Be7 1/2-1/2

[Event "SVK-chT2A 10/11"]
[Site "Slovakia"]
[Date "2011.01.08"]
[Round "5.8"]
[White "Srna, Jan"]
[Black "Sosovicka, Matej"]
[Result "0-1"]
[WhiteElo "2047"]
[BlackElo "1932"]
[PlyCount "78"]
[EventDate "2010.10.23"]
[EventType "team-tourn"]
[EventRounds "11"]
[EventCountry "SVK"]
[SourceTitle "EXT 2019"]
[Source "ChessBase"]
[SourceDate "2018.10.10"]
[SourceVersion "1"]
[SourceVersionDate "2018.10.10"]
[SourceQuality "1"]
[WhiteTeam "Pezinok KS"]
[BlackTeam "Devinska Nova Ves"]
[WhiteTeamCountry "SVK"]
[BlackTeamCountry "SVK"]

1. d4 d5 2. Nf3 Nf6 3. b3 c5 4. e3 Nc6 5. Bb2 b6 6. a3 Bb7 7. Bd3 g6 8. 0-0 Bg7 9. Nbd2 0-0 10. Re1 Nd7 11. c4 e6 12. Rc1 Rc8 13. Bb1 Ne7 14. h3 Nf5 15. Bc3 Nd6 16. Ba2 Ne4 17. Bb2 f5 18. Qe2 g5 19. Ne5 Nxe5 20. dxe5 Qc7 21. cxd5 exd5 22. f4 Bh6 23. Nxe4 fxe4 24. g3 gxf4 25. gxf4 Kh8 26. Kh1 Rg8 27. Rg1 d4 28. b4 Rxg1+ 29. Rxg1 Qe7 30. Qh5 Bg7 31. Kh2 cxb4 32. Bb3 bxa3 33. Bxd4 Rc7 34. e6 Qd8 35. Rxg7 Rxg7 36. Bxg7+ Kxg7 37. Qf7+ Kh6 38. Qd7 Qh4 39. Qd2 Qf6 0-1

[Event "SVK-chT2A 0708"]
[Site "Slovakia"]
[Date "2008.03.08"]
[Round "10.6"]
[White "Srna, Jan"]
[Black "Krajnak, Robert"]
[Result "1/2-1/2"]
[WhiteElo "2017"]
[BlackElo "2118"]
[PlyCount "60"]
[EventDate "2007.10.06"]
[EventType "team-tourn"]
[EventRounds "11"]
[EventCountry "SVK"]
[SourceTitle "EXT 2010"]
[Source "ChessBase"]
[SourceDate "2010.11.25"]
[SourceVersion "1"]
[SourceVersionDate "2010.11.25"]
[SourceQuality "1"]
[WhiteTeam "Pezinok KS"]
[BlackTeam "Bratislava Doprastav II"]
[WhiteTeamCountry "SVK"]
[BlackTeamCountry "SVK"]

1. d4 Nf6 2. Nf3 e6 3. a3 c5 4. e3 b6 5. b3 Be7 6. c4 0-0 7. Bd3 d5 8. 0-0 Ba6 9. Bb2 dxc4 10. bxc4 Nc6 11. Nbd2 Rc8 12. Rc1 cxd4 13. exd4 Na5 14. Qe2 Re8 15. Ne5 Bf8 16. f4 Nc6 17. Ndf3 g6 18. h3 Nh5 19. Nxc6 Rxc6 20. Ne5 Rd6 21. Qf2 Bh6 22. g3 Bb7 23. Rcd1 Qc7 24. Be2 Nf6 25. Bf3 Red8 26. Qe3 Bf8 27. Rc1 Ne8 28. Rf2 Ng7 29. g4 Re8 30. Rfc2 Bxf3 1/2-1/2

[Event "SVK-chT2A 0708"]
[Site "Slovakia"]
[Date "2007.10.07"]
[Round "2.8"]
[White "Kollarik, Gorazd"]
[Black "Srna, Jan"]
[Result "1/2-1/2"]
[WhiteElo "1972"]
[BlackElo "2017"]
[PlyCount "83"]
[EventDate "2007.10.06"]
[EventType "team-tourn"]
[EventRounds "11"]
[EventCountry "SVK"]
[SourceTitle "EXT 2010"]
[Source "ChessBase"]
[SourceDate "2010.11.25"]
[SourceVersion "1"]
[SourceVersionDate "2010.11.25"]
[SourceQuality "1"]
[WhiteTeam "Hlohovec SK Zentiva III"]
[BlackTeam "Pezinok KS"]
[WhiteTeamCountry "SVK"]
[BlackTeamCountry "SVK"]

1. e4 e6 2. d4 d5 3. Nc3 Bb4 4. e5 c5 5. Nf3 Nc6 6. Bb5 Qb6 7. Bxc6+ bxc6 8. 0-0 cxd4 9. Qxd4 Qxd4 10. Nxd4 Ne7 11. Bg5 Bd7 12. a3 Ba5 13. Na4 Ng6 14. Nf3 Bc7 15. Rfe1 Bd8 16. Bxd8 Rxd8 17. Nc5 Rc8 18. Re3 Rb8 19. Rb3 Ke7 20. Rxb8 Rxb8 21. b4 Be8 22. Re1 Nf8 23. Nd4 Rb6 24. Re3 Nd7 25. Ndb3 Rb8 26. f4 Nb6 27. Na5 Bd7 28. Rc3 Be8 29. g4 Rc8 30. Kg2 f6 31. Re3 Bf7 32. Kg3 fxe5 33. Rxe5 Nd7 34. Nxd7 Kxd7 35. Nb3 Kd6 36. Nc5 Rc7 37. Rg5 g6 38. Re5 a5 39. c3 axb4 40. axb4 Ra7 41. Re3 Ra3 42. Kf3 1/2-1/2

[Event "SVK-chT1W 0203"]
[Site "Slovakia"]
[Date "2003.03.16"]
[Round "11.4"]
[White "Kebis, Milos"]
[Black "Srna, Jan"]
[Result "1/2-1/2"]
[WhiteElo "2079"]
[BlackElo "2073"]
[PlyCount "43"]
[EventDate "2002.10.12"]
[EventType "team-tourn"]
[EventRounds "11"]
[EventCountry "SVK"]
[SourceTitle "EXT 2005"]
[Source "ChessBase"]
[SourceDate "2004.11.15"]
[SourceVersion "1"]
[SourceVersionDate "2004.11.15"]
[SourceQuality "1"]
[WhiteTeam "Bratislava Krasnany"]
[BlackTeam "Pezinok"]
[WhiteTeamCountry "SVK"]
[BlackTeamCountry "SVK"]

1. d4 e6 2. Nf3 f5 3. g3 d5 4. Bg2 c6 5. 0-0 Nf6 6. c4 Be7 7. Nc3 0-0 8. a3 Nbd7 9. cxd5 exd5 10. Ne5 Ne4 11. e3 Nxe5 12. dxe5 Qe8 13. Ne2 Bc5 14. b4 Bb6 15. Bb2 Qh5 16. Nf4 Qh6 17. Qh5 Qg5 18. Qxg5 Nxg5 19. h4 Ne6 20. Nxe6 Bxe6 21. Bd4 Bxd4 22. exd4 1/2-1/2

[Event "SVK-chT1W 0203"]
[Site "Slovakia"]
[Date "2003.03.15"]
[Round "10.5"]
[White "Stefan, Oldrich"]
[Black "Srna, Jan"]
[Result "0-1"]
[WhiteElo "2050"]
[BlackElo "2073"]
[PlyCount "76"]
[EventDate "2002.10.12"]
[EventType "team-tourn"]
[EventRounds "11"]
[EventCountry "SVK"]
[SourceTitle "EXT 2005"]
[Source "ChessBase"]
[SourceDate "2004.11.15"]
[SourceVersion "1"]
[SourceVersionDate "2004.11.15"]
[SourceQuality "1"]
[WhiteTeam "Bratislava Slovan"]
[BlackTeam "Pezinok"]
[WhiteTeamCountry "SVK"]
[BlackTeamCountry "SVK"]

1. d4 e6 2. Nf3 f5 3. g3 d5 4. Bg2 c6 5. 0-0 Nf6 6. c4 Be7 7. b3 0-0 8. Ba3 Nbd7 9. Bxe7 Qxe7 10. Qc2 Ne4 11. Nfd2 Qg5 12. Qd3 Ndf6 13. f3 Nd6 14. Nc3 f4 15. gxf4 Qxf4 16. e4 dxc4 17. Nxc4 Nxc4 18. Qxc4 Kh8 19. Rae1 Bd7 20. Ne2 Qh6 21. Qc1 Qh5 22. Qc5 Qh6 23. Qc1 Qh4 24. Ng3 Rf7 25. Qe3 Raf8 26. Re2 Nh5 27. Nxh5 Qxh5 28. f4 g5 29. fxg5 Rxf1+ 30. Bxf1 Rf3 31. Qd2 Qg4+ 32. Bg2 Rf4 33. Qe1 Qxg5 34. Qg3 Rg4 35. Qf3 Qg7 36. Rf2 Kg8 37. Kh1 h5 38. Qe3 h4 0-1

[Event "SVK-chT1W 0203"]
[Site "Slovakia"]
[Date "2003.02.08"]
[Round "8.4"]
[White "Srna, Jan"]
[Black "Hecko, Dusan"]
[Result "0-1"]
[WhiteElo "2073"]
[BlackElo "2168"]
[PlyCount "118"]
[EventDate "2002.10.12"]
[EventType "team-tourn"]
[EventRounds "11"]
[EventCountry "SVK"]
[SourceTitle "EXT 2005"]
[Source "ChessBase"]
[SourceDate "2004.11.15"]
[SourceVersion "1"]
[SourceVersionDate "2004.11.15"]
[SourceQuality "1"]
[WhiteTeam "Pezinok"]
[BlackTeam "Osuske"]
[WhiteTeamCountry "SVK"]
[BlackTeamCountry "SVK"]

1. d4 Nf6 2. h4 b6 3. Bf4 Bb7 4. e3 d6 5. Nf3 Nbd7 6. Nbd2 g6 7. c3 Bg7 8. Qc2 e6 9. 0-0-0 Qe7 10. Bb5 a6 11. Be2 Ng4 12. Bg3 f5 13. Ne1 Ndf6 14. Bf3 Bxf3 15. gxf3 Nh6 16. Nd3 0-0 17. Qb3 Nf7 18. Nf4 d5 19. e4 Bh6 20. exf5 Bxf4 21. Bxf4 exf5 22. Rde1 Qd7 23. Be5 Nh5 24. f4 b5 25. Reg1 Nxe5 26. fxe5 Kh8 27. Qd1 Nf4 28. Nb3 Ne6 29. Nc5 Nxc5 30. dxc5 Qe6 31. f4 c6 32. h5 Rg8 33. Rg5 Ra7 34. Qd4 Rag7 35. Kc2 a5 36. Kb3 a4+ 37. Ka3 h6 38. hxg6 Rxg6 39. Rgh5 Kh7 40. Qd3 Rf8 41. Qh3 Kg7 42. Rh2 Rf7 43. Rg5 Kh7 44. Qh5 Rfg7 45. Rxf5 d4 46. Rg5 Qc4 47. e6 dxc3 48. e7 b4+ 49. Kxa4 b3+ 50. Ka3 bxa2 51. Rh1 cxb2 52. Kxb2 Qb4+ 53. Kxa2 Qd2+ 54. Kb1 Qd3+ 55. Kb2 Rxe7 56. Qxg6+ Qxg6 57. Rxg6 Kxg6 58. f5+ Kg5 59. Kb3 Rf7 0-1

[Event "SVK-chT1W 0203"]
[Site "Slovakia"]
[Date "2002.11.10"]
[Round "4.5"]
[White "Kubis, Ivan"]
[Black "Srna, Jan"]
[Result "1-0"]
[WhiteElo "2105"]
[BlackElo "2073"]
[PlyCount "91"]
[EventDate "2002.10.12"]
[EventType "team-tourn"]
[EventRounds "11"]
[EventCountry "SVK"]
[SourceTitle "EXT 2005"]
[Source "ChessBase"]
[SourceDate "2004.11.15"]
[SourceVersion "1"]
[SourceVersionDate "2004.11.15"]
[SourceQuality "1"]
[WhiteTeam "Holic"]
[BlackTeam "Pezinok"]
[WhiteTeamCountry "SVK"]
[BlackTeamCountry "SVK"]

1. e4 e6 2. d4 d5 3. Nc3 Bb4 4. e5 c5 5. a3 Ba5 6. b4 cxd4 7. Qg4 Ne7 8. bxa5 dxc3 9. Bd3 Nbc6 10. f4 g6 11. Ne2 Nf5 12. Nxc3 a6 13. Bd2 Nxa5 14. Rd1 h5 15. Qf3 Nc6 16. 0-0 Qe7 17. Qf2 b5 18. Ra1 Nh6 19. h3 Kf8 20. Be3 Kg7 21. Bc5 Qd8 22. Bb6 Qd7 23. Rfd1 Bb7 24. Nb1 Rac8 25. Nd2 Qe8 26. Nb3 Ne7 27. Nc5 Qc6 28. Nb3 Ba8 29. Nd4 Qb7 30. Rdb1 Kh7 31. Nf3 Nef5 32. a4 Kg7 33. axb5 axb5 34. Ra7 Qc6 35. Rxb5 d4 36. Rb3 Ng4 37. hxg4 hxg4 38. Ng5 Rcf8 39. Be4 Qc4 40. Bxa8 Rxa8 41. Rxf7+ Kg8 42. Ra7 Rb8 43. Ne4 Rc8 44. Bc5 Rh6 45. Nf6+ Kh8 46. Rbb7 1-0

[Event "SVK-chT2A 9899"]
[Site "Slovakia"]
[Date "1998.12.06"]
[Round "6"]
[White "Srna, Jan"]
[Black "Oprea, Erik"]
[Result "1-0"]
[WhiteElo "2092"]
[BlackElo "2046"]
[PlyCount "87"]
[EventDate "1998.??.??"]
[EventType "team"]
[EventRounds "9"]
[EventCountry "SVK"]
[SourceTitle "EXT 2000"]
[Source "ChessBase"]
[SourceDate "1999.11.16"]
[SourceVersion "1"]
[SourceVersionDate "1999.11.16"]
[SourceQuality "1"]

1. d4 d6 2. Bf4 g6 3. Nf3 Bg7 4. e3 Nf6 5. h4 Bg4 6. Be2 Nbd7 7. Nbd2 c5 8. c3 Qb6 9. Qb3 Qc6 10. Bb5 Qc7 11. Ng5 0-0 12. f3 e5 13. dxe5 dxe5 14. Bh2 Be6 15. Nxe6 fxe6 16. Qxe6+ Kh8 17. g4 Rae8 18. Qb3 a6 19. Bd3 Qd6 20. Qc2 Nd5 21. Ke2 b5 22. g5 c4 23. Be4 Nc5 24. Rad1 Qe6 25. Bg3 Rd8 26. h5 Kg8 27. hxg6 Nd3 28. Rxh7 Rd7 29. Rdh1 Rfd8 30. Rd1 Qb6 31. Bxd5+ Rxd5 32. Rhh1 Qxg6 33. Ne4 R8d7 34. Qb1 Kf7 35. Rdf1 Ke8 36. Rd1 Qf5 37. Rdf1 Nc5 38. Nd6+ R7xd6 39. Qxf5 Rd2+ 40. Ke1 Rd1+ 41. Kf2 Nd3+ 42. Kg2 Rd2+ 43. Bf2 Rxb2 44. Rh7 1-0

[Event "SVK-chT2A 9899"]
[Site "Slovakia"]
[Date "1998.11.14"]
[Round "3"]
[White "Srna, Jan"]
[Black "Moravcik, Rastislav"]
[Result "0-1"]
[WhiteElo "2092"]
[BlackElo "2105"]
[PlyCount "106"]
[EventDate "1998.??.??"]
[EventType "team"]
[EventRounds "9"]
[EventCountry "SVK"]
[SourceTitle "EXT 2000"]
[Source "ChessBase"]
[SourceDate "1999.11.16"]
[SourceVersion "1"]
[SourceVersionDate "1999.11.16"]
[SourceQuality "1"]

1. d4 d5 2. Bf4 c6 3. h4 Bf5 4. Nf3 e6 5. e3 Qb6 6. b3 Nf6 7. Ne5 Bb4+ 8. Ke2 h6 9. f3 Nbd7 10. Nd3 Bxd3+ 11. Qxd3 0-0-0 12. c3 Be7 13. Kf2 Nh5 14. Bh2 Bxh4+ 15. g3 Be7 16. Be2 Bd6 17. a4 Qc7 18. Rg1 Nhf6 19. Nd2 h5 20. b4 h4 21. f4 hxg3+ 22. Bxg3 g5 23. fxg5 Bxg3+ 24. Rxg3 Rh2+ 25. Rg2 Rg8 26. Rag1 Rxg5 27. Bf3 Nb6 28. Nf1 Rgxg2+ 29. Bxg2 Rh8 30. Bf3 Nxa4 31. Rg2 Ne4+ 32. Bxe4 dxe4 33. Qxe4 Nxc3 34. Qf3 f5 35. Rg6 Ne4+ 36. Kg1 Qf7 37. Qg2 Nf6 38. Rg3 Rg8 39. b5 cxb5 40. e4 Rxg3 41. Nxg3 f4 42. Ne2 Qg8 43. Qxg8+ Nxg8 44. Nxf4 Kd7 45. e5 Ne7 46. Kf2 Nf5 47. Ne2 Kc6 48. Nf4 Nxd4 49. Ke3 Kc5 50. Kd3 a5 51. Kc3 b4+ 52. Kb2 a4 53. Ka2 b5 0-1